000 00712nam a2200193 a 4500
001 BRCA_2101
005 20190320203653.0
008 110808s1991----mx-a---###---#000-0#spa-#
050 4 _aF1391.P8
_b.L43 43
_c1991
100 1 _aMeade de Angulo, Mercedes
_9281
245 1 0 _aEl ferrocarril mexicano
_bantecedentes
_cMercedes Meade de Angulo.
260 _aPuebla, México
_bGobierno del Estado de Puebla : Secretaría de Cultura : Comisión Puebla V Centenario
_c1991
300 _a23 p.
_bil.
_c21 cm.
440 0 _aLecturas Históricas de Puebla
_n43
_96375
504 _aBibliografía: p. 23
651 4 _aPuebla (México)
_xHistoria
_9409
651 4 _aPuebla (México)
_xDescripción y viajes
_9407
942 _2lcc
_cB
999 _c1858
_d1858